000
00277nam a2200109Ia 4500
008
220204s9999 xx 000 0 und d
082
_a
658.284
_b
COO
100
_a
Ken
245
0
_a
Non verbal communication for business success
260
_a
New York
_b
Amacom
_c
1979
942
_c
BK
999
_c
34793
_d
34793